000 00685nam a2200289Ia 4500
005 20260324134138.0
008 008 260324s9999 xx 000 0 eng d
020 _a9780429228322
037 _aEBOOK
040 _aCRL
040 _beng
040 _cCRL
041 _2eng
041 _aeng
084 _qCRL
100 _aHal W. Hendrick; Brian Kleiner
_91195741
245 0 _aMacroergonomics
245 0 _bTheory, Methods, and Applications
260 _bTaylor and Francis
260 _c2002
365 _a
365 _b400
856 _uhttp://www.taylorfrancis.com/books/9780429228322
942 _cEBOOK
999 _c1795492
_d1795492